LOTR: Two Towers Characters on a Poster Quiz Stats

 Plays Quiz not verified by Sporcle

Score 0/12 Timer 00:30
0 Plays Today
% Correct
Gollum
88.7%
Sam
88.5%
Legolas
87.7%
Frodo
87.3%
Gandalf
87.1%
Aragorn
86.2%
Gimli
86.1%
Saruman
85.6%
Arwen
84%
Eowyn
79.2%
Barad-Dûr
66.9%
Orthanc
55.2%

You're not logged in!

Compare scores with friends on all Sporcle quizzes.
Join for Free
OR
Log In

You Might Also Like...

Show Comments

Extras

Top Quizzes Today


Score Distribution

Your Account Isn't Verified!

In order to create a playlist on Sporcle, you need to verify the email address you used during registration. Go to your Sporcle Settings to finish the process.

Report this User

Report this user for behavior that violates our Community Guidelines.

Details: